| Tag |
First Indicator |
Second Indicator |
Subfields |
| LEADER |
00000cam a2200000 a 4500 |
| 001 |
in00000016456 |
| 005 |
20151007052758.0 |
| 008 |
880527s1986 xx a b 00010 eng d |
| 035 |
|
|
|a (OCoLC)18009193
|
| 035 |
|
|
|9 AAA9146AM
|
| 040 |
|
|
|a TXA
|c TXA
|d UtOrBLW
|
| 043 |
|
|
|a n-us-tx
|
| 049 |
|
|
|a TXAZ [Also in] [Archives]
|c 1 [A09356065], 2 [A09356073]
|
| 099 |
|
|
|a 1986
|a Thesis
|a R963
|
| 100 |
1 |
|
|a Russell, Johnny Alexander.
|
| 245 |
1 |
2 |
|a A pilot evaluation of the Xeriscape Program in Austin, Texas including a case study of a program participant's marketing strategies /
|c by Johnny Alexander Russell.
|
| 264 |
|
1 |
|a [Place of publication not identified] :
|b [publisher not identified] ;
|c 1986.
|
| 300 |
|
|
|a v, 82 leaves :
|b illustrations ;
|c 28 cm.
|
| 336 |
|
|
|a text
|b txt
|2 rdacontent
|
| 337 |
|
|
|a unmediated
|b n
|2 rdamedia
|
| 338 |
|
|
|a volume
|b nc
|2 rdacarrier
|
| 500 |
|
|
|a Typescript (photocopy).
|
| 502 |
|
|
|b M. Ag.
|c Texas A&M University
|d 1986.
|
| 504 |
|
|
|a Bibliography: leaves 33-37.
|
| 500 |
|
|
|a Major subject: "Horticultural Sciences."
|
| 650 |
|
0 |
|a Landscape architecture in water conservation
|z Texas
|z Austin.
|
| 650 |
|
0 |
|a Water conservation
|z Texas
|z Austin.
|
| 650 |
|
4 |
|a Major horticulture.
|
| 999 |
|
|
|a MARS
|
| 999 |
f |
f |
|s 73f893ec-dcd7-38d8-8c59-ab6df7145b38
|i fa6a7bc8-1a7b-3f29-8200-00b72eb59cbe
|t 0
|
| 952 |
f |
f |
|p noncirc
|a Texas A&M University
|b J.J. Pickle Campus
|c High Density Repository
|s HDR
|d Remote Storage
|t 0
|e 1986 Thesis R963
|h Other scheme
|i unmediated -- volume
|m A14839617881
|
| 998 |
f |
f |
|a 1986 Thesis R963
|t 0
|l Remote Storage
|